000 01516nam a2200433 i 4500
001 27967
003 KOSZ 005
005 20200518124732.0
008 s1980 pl f |000 0 pol
020 _a8301005033
040 _cKOSZ 005
_aKOSZ 005
_dKOSZ 005/EG
041 _apol
080 _a1
080 _a(438)
080 _a(091)
080 _a"19"
245 1 0 _aFilozofia i myśl społeczna w latach 1865-1895.
_nCz. 1 /
_cwybrały, opracowały, wstępami i przypisami opatrzyły Anna Hochfeldowa, Barbara Skarga.
260 _aWarszawa :
_bPWN,
_c1980.
300 _a638 s. :
_bil. ;
_c25 cm.
336 _2rdacontent
_aTekst
_btxt
337 _2rdamedia
_aBez urządzenia pośredniczącego
_bn
338 _2rdacarrier
_aWolumin
_bnc
380 _aKsiążki
388 _a1901-2000
388 _a1945-1989
490 1 _aZ Prac Zakładu Historii Polskiej Filozofii Nowożytnej Instytutu Filozofii i Socjologii Polskiej Akademii Nauk
490 1 _a700 Lat Myśli Polskiej
648 _a1801-1900
650 7 _aFilozofia
650 7 _aHistoria
651 _aPolska
658 _aFilozofia i etyka
700 1 _aHochfeld, Anna
_eOpracowanie
700 1 _aSkarga, Barbara
_d(1919-2009)
_eOpracowanie
710 2 _aPaństwowe Wydawnictwo Naukowe
_4pbl
830 _a700 Lat Myśli Polskiej
856 _uhttp://koha.tu.koszalin.pl/cgi-bin/koha/opac-detail.pl?biblionumber=27967
_yKatalog online BPK
942 _2UKD
_cKS
999 _c27967
_d27967